00318nam a2200121Ia 4500008004100000041000800041082001500049100001800064245003500082260004400117300002400161365001100185240624s9999 xx 000 0 und d aeng a657.45 MCL aMCLEAN RONALD aENVIRONMENTAL MANAGEMENT AUDIT aUKbCambridge Strategy Publications Ltd a125 : p. : cm. ; 29 cRSb50